UBT Library

What to expect the first year / (Record no. 1233)

000 -LEADER
fixed length control field 00638nam a22002057a 4500
008 - FIXED-LENGTH DATA ELEMENTS--GENERAL INFORMATION
fixed length control field 151007b xxu||||| |||| 00| 0 eng d
020 ## - INTERNATIONAL STANDARD BOOK NUMBER
International Standard Book Number 2003057578
041 0# - LANGUAGE CODE
Language code of text/sound track or separate title eng
080 ## - UNIVERSAL DECIMAL CLASSIFICATION NUMBER
Universal Decimal Classification number 649.1
100 1# - Rafti
Rafti Murkoff, Heidi Eisenberg.
245 10 - TITLE STATEMENT
Title What to expect the first year /
Statement of responsibility, etc Heidi Murkoff, Arlene Eisenberg & Sandee Hathaway.
250 ## -
-- [2nd ed., rev. and updated].
260 ## -
-- New York :
-- Workman Pub.,
-- 2003.
300 ## -
-- xxv, 806 f. :
-- me il.;
-- 24 cm.
650 #0 -
-- Kujdesi ndaj fëmijëve
700 ## -
-- Eisenberg, Arlene.
700 ## -
-- Hathaway, Sandee Eisenberg.
700 ## -
-- Eisenberg, Arlene.
942 ## - ADDED ENTRY ELEMENTS (KOHA)
Source of classification or shelving scheme
Item type Books
Holdings
Withdrawn status Lost status Source of classification or shelving scheme Damaged status Not for loan Collection code Permanent location Current location Shelving location Date acquired Total Checkouts Full call number Barcode Date last seen Price effective from Koha item type
          Koleksioni i përgjithshem UBT - Lipjan UBT - Lipjan Koleksioni i përgjithshem 10/07/2015   649.1 MUR 002-008586 10/07/2015 10/07/2015 Books
          Koleksioni i përgjithshem UBT - Lipjan UBT - Lipjan Koleksioni i përgjithshem 10/07/2015   649.1 MUR 002-008587 10/07/2015 10/07/2015 Books
          Koleksioni i përgjithshem UBT - Lipjan UBT - Lipjan Koleksioni i përgjithshem 10/07/2015   649.1 MUR 002-008588 10/07/2015 10/07/2015 Books
UBT Library © 2015-2024. All rights reserved University Education for Business and Technology